书目信息 |
| 题名: |
心理平衡
|
|
| 作者: | 徐声汉 编著 | |
| 分册: | ||
| 出版信息: | 上海 上海科学技术出版社 2004 |
|
| 页数: | 277页 | |
| 开本: | 18cm | |
| 丛书名: | 健康长寿五大要素 | |
| 单 册: | ||
| 中图分类: | R395.6-49 | |
| 科图分类: | ||
| 主题词: | 心理卫生--普及读物 | |
| 电子资源: | ||
| ISBN: | 7-5323-7437-8 | |
| 000 | 01401nam0 2200337 450 | |
| 000 | 01364nam0 2200325 450 | |
| 000 | 01362nam0 2200337 450 | |
| 000 | 01308nam0 2200313 450 | |
| 000 | 01326nam0 2200301 450 | |
| 000 | 01289nam0 2200289 45 | |
| 001 | TS2006038752 | |
| 005 | 20061203161227.29 | |
| 010 | @a7-5323-7437-8@dCNY20.40 | |
| 100 | @a20060829d2004 em y0chiy0120 ea | |
| 101 | 0 | @achi |
| 102 | @aCN@b310000 | |
| 105 | @aa z 000yy | |
| 200 | 1 | @a心理平衡@AXin Li Ping Heng@e心理健康贵如金@EXin Li Jian Kang Gui Ru Jin@f徐声汉编著@FXu Sheng Han Bian Zhu |
| 210 | @a上海@c上海科学技术出版社@d2004 | |
| 215 | @a277页@c图@d18cm | |
| 225 | 2 | @a健康长寿五大要素 |
| 330 | @a本书以“心理学”理论为指导,从精神健康角度阐述人们日常生活中的有关心理问题;介绍心理致病因素和对心理问题的预防。其范围涉及心理学的儿童发展心理、爱情、婚姻、家庭心理,教育心理,职业心理,性别心理,社会心理等分支,心理保健养生法及心理素质修养锻炼的论述,不同年龄、性别的读者可在上述章节中找到相关的内容。 | |
| 410 | 0 | @12001 @a健康长寿五大要素 |
| 517 | 1 | @a心理健康贵如金@AXin Li Jian Kang Gui Ru Jin |
| 606 | 0 | @a心理卫生@x普及读物 |
| 690 | @aR395.6-49@v4 | |
| 701 | 0 | @a徐声汉@AXu Sheng Han@f(1930~)@4编著 |
| 801 | 0 | @aCN@b中图数据@c20061203 |
| 905 | @a10447@dR395.6-49@e140 | |
| 心理平衡:心理健康贵如金/徐声汉编著.-上海:上海科学技术出版社,2004 |
| 277页:图;18cm.-(健康长寿五大要素) |
| ISBN 7-5323-7437-8:CNY20.40 |
| 本书以“心理学”理论为指导,从精神健康角度阐述人们日常生活中的有关心理问题;介绍心理致病因素和对心理问题的预防。其范围涉及心理学的儿童发展心理、爱情、婚姻、家庭心理,教育心理,职业心理,性别心理,社会心理等分支,心理保健养生法及心理素质修养锻炼的论述,不同年龄、性别的读者可在上述章节中找到相关的内容。 |
| ● |
| 相关链接 |
|
|
|
|
正题名:心理平衡
索取号:R395.6-49/140
 
预约/预借
| 序号 | 登录号 | 条形码 | 馆藏地/架位号 | 状态 | 备注 |
| 1 | 0608806 | 206088062 | 第二样本阅览室/ [索取号:R395.6-49/140] | 在馆 | |
| 2 | 0608807 | 206088071 | 教育系资料室/ [索取号:R395.6-49/140] | 在馆 | |
| 3 | 0608808 | 206088080 | 教育系资料室/ [索取号:R395.6-49/140] | 在馆 | |
| 4 | 0608809 | 206088099 | 第三借阅区/ [索取号:R395.6-49/140] | 在馆 | |
| 5 | 0608810 | 206088106 | 第三借阅区/ [索取号:R395.6-49/140] | 在馆 |